000 00468nam a22001937a 4500
003 MPLRDC
005 20220104123332.0
008 210129b ||||| |||| 00| 0 eng d
020 _a957-9593-69-8
082 _a293.1 WFL
100 _a吴丰隆
245 _a紫微新探
_c
250 _a初版
260 _a
_b锦德图书事业有限公司
_c1998
300 _b
490 _a命理新知. 5
650 _a命书--紫微斗数
942 _cBK
_o293.1 WFL
999 _c10548
_d10538